000 01443nam0a22003011 4500
001 v19\rc\1209916
005 20250617220208.0
035 _a(NLR Aleph) 004373695
090 _a3533582
_c3533582
100 _a20060306f18701879|||y0rusy50 ca
101 0 _arus
102 _aRU
105 _aa z |||||
200 1 _a[Плавка металлов]
_eПроизводство литня из сплавов меди
_fИзд. Михаил Сырейщиков
210 _aСанкт-Петербург
_cлит. И.Е. Лаппинга
_d[187-?]
215 _a8, 41-56, 81-88, 177-184 с.
_cчерт.
300 _aВ сигнатуре авт.: Н. Лабзин
300 _aСтр. 113-176, 185-304 неверно приплетены из книги того же автора "Технология дерева и металлов"
309 _aНаписано от руки. Литогр.
316 _aЭкз. РНБ(34.53.6.599): деф.: отсутствуют тит. л. и с. 9-40, 57-80, 89-176
_5NLR: 34.53.6.599
540 1 3 _aПлавка металлов
700 1 _7ca
_8rus
_aЛабзин
_bН. Ф.
_cгос. служащий, специалист по технологии металлов
_f1837-1927
_gНиколай Филиппович
_9197843
_3RU\NLR\AUTH\770197894
801 0 _aRU
_bNLR
_gpsbo
801 1 _aRU
_bProSoft-M
_2rusmarc
852 _aNLR
_j34.53.6.599
942 _cBOOK
980 _aNB